Score 0/20 Timer 03:00
0 Plays Today
Meaning Answer % Correct
GraciousANNA
93.3%
BelovedDAVID
91.9%
SupplanterJACOB
83.7%
Young royaltyRYAN
83.5%
ProtectorWILLIAM
79.8%
UniversalEMMA
79.3%
Protector of MankindALEXANDER
78.8%
Winner, ConquerorVICTORIA
76.3%
AdmiringEMILY
75.4%
PrincessSARAH
67%
Meaning Answer % Correct
White WaveJENNIFER
66.5%
Soft And GentleMEGAN
56.4%
RationalALYSSA
47.1%
Worthy of praiseANTHONY
44%
Firm, strongETHAN
43.3%
Tile makerTYLER
36.4%
Manly, courageousANDREW
35.6%
PureKATHERINE
34.6%
Strong oneBRIANNA
26.1%
Victorious peopleNICHOLAS
14.3%

You're not logged in!

Compare scores with friends on all Sporcle quizzes.
OR
Log In

Sporcle TV

Today on Sporcle TV


Watch our educational content, quiz creation guides, and fun videos on Sporcle TV.

Show Comments

Extras

Top Quizzes Today


Score Distribution

Paid Content

Your Account Isn't Verified!

In order to create a playlist on Sporcle, you need to verify the email address you used during registration. Go to your Sporcle Settings to finish the process.

Report this User

Report this user for behavior that violates our Community Guidelines.

Details: